000 00623cam a22002057a 4500
001 001623
003 armpunfd
005 20140612090646.0
008 050321e0####xx#a##########000#0#und#d
040 _aarmpunfd
_carmpunfd
080 _a347.79 AR 69
100 1 0 _a Arrola De Galandrini, Graciela
245 1 0 _aTemas de derecho de la navegacion, derecho aeronautico, derecho espacial
260 _a Ar Del Plata : Suarez
_b(S.F)
650 7 _a Derecho Aeronautico
_2LEMB
650 7 _a Derecho De La Navegacion
_2LEMB
650 7 _a Derecho Espacial
_2LEMB
942 _cLB
_2cdu
945 _aCatalis
_d2010-08-19
999 _c1614
_d232118